000
00310nam a22001217a 4500
020
_a
07-041460-2
082
_a
512 MEN'B
100
_a
MENDELSON, ELLIOT
_9
77366
245
_a
BOOLEAN ALGEBRA AND SWITCHING CIRCUITS THEORY AND PROBLEMS
260
_a
NEWYORK
_b
MCGRAW HILL
_c
1970
300
_a
213P
942
_c
BK
999
_c
582647
_d
582647